109 bài luyện dịch Việt - Anh

Uloženo v:
Podrobná bibliografie
Hlavní autor: Nguyễn Thuần Hậu
Médium: Kniha
Jazyk:Undetermined
Vydáno: Tp. HCM Trẻ 2002
Témata:
Tagy: Přidat tag
Žádné tagy, Buďte první, kdo otaguje tento záznam!
Thư viện lưu trữ: Trung tâm Học liệu Trường Đại học Cần Thơ
LEADER 00551nam a2200205Ia 4500
001 CTU_54742
008 210402s9999 xx 000 0 und d
020 |b 30000 
082 |a 428.02 
082 |b H125 
100 |a Nguyễn Thuần Hậu 
245 0 |a 109 bài luyện dịch Việt - Anh 
245 0 |c Nguyễn Thuần Hậu 
260 |a Tp. HCM 
260 |b Trẻ 
260 |c 2002 
650 |a english language 
650 |x translating 
904 |i Mai Loan 
980 |a Trung tâm Học liệu Trường Đại học Cần Thơ